00473nam a22001577a 4500008004100000040005500041080002100096245005500117260003900172300001600211500001200227650001200239653001900251700002300270700002200293230503b |||||||| |||| 00| 0 eng d aNational Science LibrarycNational Science Library a546:541.28bK2.4 aAdvances in inorganic chemistry and radiochemistry aNew York: bAcademic Press, c1964 aviii, 344p. aVol. 4  aScience aRadiochemistry aEmeleus, H J (Ed.) aSharpe, A G (Ed.)